[Event "RN-2019-0-01578"]
[Site "LSS email"]
[Date "2019.11.17"]
[Round "?"]
[White "Vontina, Maria"]
[Black "Bortnicker, Justin"]
[Result "1-0"]
[WhiteElo "770"]
[BlackElo "794"]
[PlyCount "61"]
[EventDate "2019.11.03"]
[EventType "tourn (corr)"]
[EventRounds "6"]
[EventCountry "GER"]
[SourceTitle "Corr 2022"]
[Source "ChessBase"]
[SourceDate "2021.10.24"]
[SourceVersion "1"]
[SourceVersionDate "2021.10.24"]
[SourceQuality "1"]

1. e4 e5 2. Nf3 Nc6 3. Bb5 d6 4. d4 exd4 5. Nxd4 Nge7 6. 0-0 Bd7 7. Nc3 a6 8. Ba4 Nxd4 9. Bxd7+ Qxd7 10. Qxd4 Nc6 11. Qd1 Be7 12. f4 0-0-0 13. Nd5 Bf8 14. Re1 Re8 15. c3 h5 16. a4 g6 17. Nf6 Qe6 18. Nxe8 Qxe8 19. b4 Bg7 20. Qb3 Nb8 21. Bb2 Qe6 22. Qc2 h4 23. Rac1 Qc4 24. e5 dxe5 25. fxe5 Re8 26. Qe2 Qe6 27. c4 Nc6 28. b5 axb5 29. cxb5 Nxe5 30. Bxe5 Qxe5 31. Qg4+ 1-0

[Event "RN-2019-0-01578"]
[Site "LSS email"]
[Date "2019.11.16"]
[Round "?"]
[White "Neuhausen, Rainer"]
[Black "Bortnicker, Justin"]
[Result "0-1"]
[WhiteElo "1031"]
[BlackElo "794"]
[PlyCount "38"]
[EventDate "2019.11.03"]
[EventType "tourn (corr)"]
[EventRounds "6"]
[EventCountry "GER"]
[SourceTitle "Corr 2022"]
[Source "ChessBase"]
[SourceDate "2021.10.24"]
[SourceVersion "1"]
[SourceVersionDate "2021.10.24"]
[SourceQuality "1"]

1. e4 c5 2. Nf3 e6 3. d4 cxd4 4. Nxd4 Nc6 5. Nc3 Bb4 6. Nb3 h6 7. Be2 Bxc3+ 8. bxc3 Nf6 9. f3 Qb6 10. Bb2 a5 11. Rb1 0-0 12. Ba3 Re8 13. Nc5 Qa7 14. Qd6 b6 15. Na6 Bxa6 16. 0-0 Bxe2 17. Rfe1 Ba6 18. e5 Nd5 19. Bb2 Qc7 0-1

[Event "RN-2019-0-01564"]
[Site "LSS email"]
[Date "2019.09.26"]
[Round "?"]
[White "Bortnicker, Justin"]
[Black "Vontina, Maria"]
[Result "0-1"]
[WhiteElo "808"]
[BlackElo "750"]
[PlyCount "136"]
[EventDate "2019.09.09"]
[EventType "tourn (corr)"]
[EventRounds "6"]
[EventCountry "GER"]
[SourceTitle "Corr 2022"]
[Source "ChessBase"]
[SourceDate "2021.10.24"]
[SourceVersion "1"]
[SourceVersionDate "2021.10.24"]
[SourceQuality "1"]

1. e4 e6 2. d4 d5 3. e5 c5 4. c3 Nc6 5. Nf3 Qb6 6. b3 Nge7 7. Be3 cxd4 8. cxd4 Ng6 9. Bd3 Be7 10. 0-0 0-0 11. Qc2 Bd7 12. Nbd2 a6 13. Rfe1 Rfc8 14. Qd1 Qd8 15. Rc1 Ba3 16. Rc2 Nb4 17. Rxc8 Rxc8 18. Nb1 Nxd3 19. Qxd3 Bb5 20. Qd2 Be7 21. Nc3 Bd7 22. Qd3 Qa5 23. Bd2 Qd8 24. Ne2 Bb5 25. Qb1 h6 26. Nf4 Nxf4 27. Bxf4 Rc7 28. a4 Be8 29. h3 Qc8 30. Bd2 Bd7 31. Rd1 f5 32. Ne1 Be8 33. Nd3 Bh5 34. Rc1 Rxc1+ 35. Qxc1 Qxc1+ 36. Bxc1 Bd1 37. Nc5 Bxc5 38. dxc5 Bxb3 39. a5 Kf8 40. f4 Ke7 41. Kf2 Kd7 42. g4 g6 43. gxf5 gxf5 44. Kg3 Bd1 45. Kf2 Kc6 46. Be3 Kb5 47. Ke1 Bh5 48. Bd2 Kxc5 49. Be3+ Kb5 50. Bb6 Kc4 51. Kd2 d4 52. Bd8 Be8 53. h4 Bb5 54. Bf6 Kd5 55. Bg7 h5 56. Bf8 Kc6 57. Bb4 b6 58. axb6 Kxb6 59. Ba3 Bc4 60. Bb2 Kc5 61. Ba3+ Kd5 62. Bc1 a5 63. Kc2 Ke4 64. Bd2 a4 65. Kb2 a3+ 66. Kxa3 Kd3 67. Bc1 Kc2 68. Kb4 Bd5 0-1

[Event "RN-2019-0-01554"]
[Site "LSS email"]
[Date "2019.08.20"]
[Round "?"]
[White "Kuttner, Jaromir"]
[Black "Bortnicker, Justin"]
[Result "0-1"]
[WhiteElo "873"]
[BlackElo "800"]
[PlyCount "28"]
[EventDate "2019.07.26"]
[EventType "tourn (corr)"]
[EventRounds "6"]
[EventCountry "GER"]
[SourceTitle "Corr 2022"]
[Source "ChessBase"]
[SourceDate "2021.10.24"]
[SourceVersion "1"]
[SourceVersionDate "2021.10.24"]
[SourceQuality "1"]

1. e4 e5 2. Nf3 Nc6 3. d4 exd4 4. Bc4 Bb4+ 5. c3 dxc3 6. Bxf7+ Kxf7 7. Qd5+ Ke8 8. bxc3 Nf6 9. Qc4 Ba5 10. 0-0 Qe7 11. Ba3 d6 12. e5 Be6 13. Qb5 Nd5 14. Nd4 a6 0-1

[Event "RN-2019-0-01554"]
[Site "LSS email"]
[Date "2019.08.20"]
[Round "?"]
[White "Lombardi, Donato"]
[Black "Bortnicker, Justin"]
[Result "1-0"]
[WhiteElo "792"]
[BlackElo "800"]
[PlyCount "33"]
[EventDate "2019.07.26"]
[EventType "tourn (corr)"]
[EventRounds "6"]
[EventCountry "GER"]
[SourceTitle "Corr 2022"]
[Source "ChessBase"]
[SourceDate "2021.10.24"]
[SourceVersion "1"]
[SourceVersionDate "2021.10.24"]
[SourceQuality "1"]

1. e4 c5 2. d4 cxd4 3. Qxd4 Nc6 4. Qe3 Nf6 5. Nc3 e5 6. Nf3 d6 7. Bd3 Be7 8. Bd2 Bg4 9. 0-0 0-0 10. Be2 Rc8 11. h3 Bh5 12. Rad1 a6 13. Qg5 h6 14. Qg3 Bg6 15. Nh4 Bxe4 16. Bxh6 Nh5 17. Bxh5 1-0

[Event "RN-2019-0-01554"]
[Site "LSS email"]
[Date "2019.08.19"]
[Round "?"]
[White "Bortnicker, Justin"]
[Black "Molina, Vicente Andres"]
[Result "1-0"]
[WhiteElo "800"]
[BlackElo "490"]
[PlyCount "35"]
[EventDate "2019.07.26"]
[EventType "tourn (corr)"]
[EventRounds "6"]
[EventCountry "GER"]
[SourceTitle "Corr 2022"]
[Source "ChessBase"]
[SourceDate "2021.10.24"]
[SourceVersion "1"]
[SourceVersionDate "2021.10.24"]
[SourceQuality "1"]

1. e4 c5 2. Nf3 Nc6 3. Bc4 e6 4. d4 cxd4 5. Nxd4 a6 6. a4 d6 7. 0-0 Nf6 8. Nc3 Be7 9. f4 Qc7 10. b3 0-0 11. Bb2 Nxd4 12. Qxd4 e5 13. fxe5 dxe5 14. Qe3 Be6 15. Bxe6 fxe6 16. Kh1 Rad8 17. a5 Bb4 18. Ra4 1-0

[Event "RN-2019-0-01540"]
[Site "LSS email"]
[Date "2019.06.17"]
[Round "?"]
[White "Plastinin, Alexandr"]
[Black "Bortnicker, Justin"]
[Result "1-0"]
[WhiteElo "926"]
[BlackElo "835"]
[PlyCount "69"]
[EventDate "2019.05.26"]
[EventType "tourn (corr)"]
[EventRounds "6"]
[EventCountry "GER"]
[SourceTitle "Corr 2022"]
[Source "ChessBase"]
[SourceDate "2021.10.24"]
[SourceVersion "1"]
[SourceVersionDate "2021.10.24"]
[SourceQuality "1"]

1. e4 c5 2. Nf3 e6 3. d4 cxd4 4. Nxd4 Nc6 5. c3 Nf6 6. Bd3 Bc5 7. Be3 Nxd4 8. cxd4 Bb6 9. Nc3 0-0 10. e5 Ne8 11. 0-0 d6 12. Qh5 h6 13. Bxh6 gxh6 14. Qxh6 f5 15. exf6 Nxf6 16. Ne4 Nxe4 17. Bxe4 Rf7 18. Rad1 d5 19. Rd3 Rg7 20. Bg6 Qf6 21. Rg3 Qxd4 22. Bh7+ Kf8 23. h3 Qxb2 24. Rf3+ Ke7 25. Qh4+ Kd7 26. Rd1 Qe2 27. Rxd5+ exd5 28. Bf5+ Kc7 29. Rc3+ Qc4 30. Rxc4+ dxc4 31. Qxc4+ Kd8 32. Qd5+ Ke7 33. Bxc8 Rxc8 34. Qe5+ Kf8 35. Qf5+ 1-0

[Event "RN-2019-0-01530"]
[Site "LSS email"]
[Date "2019.05.01"]
[Round "?"]
[White "Bortnicker, Justin"]
[Black "Cherry, Brian"]
[Result "1-0"]
[WhiteElo "774"]
[BlackElo "326"]
[PlyCount "33"]
[EventDate "2019.04.12"]
[EventType "tourn (corr)"]
[EventRounds "6"]
[EventCountry "GER"]
[SourceTitle "Corr 2022"]
[Source "ChessBase"]
[SourceDate "2021.10.24"]
[SourceVersion "1"]
[SourceVersionDate "2021.10.24"]
[SourceQuality "1"]

1. g4 e5 2. c4 Bc5 3. Bg2 Qf6 4. e3 Nc6 5. Nc3 Nb4 6. Be4 Nh6 7. h3 g5 8. a3 Nc6 9. Nd5 Qd6 10. b4 Nxb4 11. axb4 Bxb4 12. Rb1 a5 13. Qa4 b6 14. Nxb4 Ra7 15. Ba3 0-0 16. Nd5 c5 17. Rxb6 1-0

[Event "RN-2019-0-01530"]
[Site "LSS email"]
[Date "2019.04.28"]
[Round "?"]
[White "Venturas, Bob"]
[Black "Bortnicker, Justin"]
[Result "0-1"]
[WhiteElo "709"]
[BlackElo "774"]
[PlyCount "96"]
[EventDate "2019.04.12"]
[EventType "tourn (corr)"]
[EventRounds "6"]
[EventCountry "GER"]
[SourceTitle "Corr 2022"]
[Source "ChessBase"]
[SourceDate "2021.10.24"]
[SourceVersion "1"]
[SourceVersionDate "2021.10.24"]
[SourceQuality "1"]

1. e4 c5 2. Nf3 Nc6 3. Nc3 e6 4. Bb5 Nd4 5. Nxd4 cxd4 6. Ne2 Bc5 7. d3 a6 8. Ba4 b5 9. Bb3 Bb7 10. c3 dxc3 11. bxc3 Nf6 12. h3 0-0 13. Bg5 h6 14. Bh4 Be7 15. Bg3 Rc8 16. 0-0 d5 17. e5 Nd7 18. d4 a5 19. a3 a4 20. Bc2 Ba6 21. Qd3 g6 22. Nf4 Kg7 23. Nh5+ Kh7 24. Nf4 Rg8 25. Rfe1 Rc6 26. Re3 b4 27. Qd2 b3 28. Bd3 Bc4 29. Rf3 Bg5 30. Qe2 Nb6 31. Qb2 Rc7 32. Bxg6+ Rxg6 33. Nxg6 fxg6 34. Bf4 Be7 35. Bg3 Bg5 36. Bf4 Bxf4 37. Rxf4 Bd3 38. Re1 Bc2 39. Qc1 Nc4 40. Rf6 Rg7 41. Rxe6 Qd7 42. Rd6 Nxd6 43. exd6 Qxd6 44. Qb2 Re7 45. Rc1 Re2 46. Kf1 Bd3 47. Qxe2 Bxe2+ 48. Kxe2 Qxa3 0-1

[Event "RN-2019-0-01528"]
[Site "LSS email"]
[Date "2019.04.21"]
[Round "?"]
[White "Cherry, Brian"]
[Black "Bortnicker, Justin"]
[Result "0-1"]
[WhiteElo "329"]
[BlackElo "810"]
[PlyCount "52"]
[EventDate "2019.04.05"]
[EventType "tourn (corr)"]
[EventRounds "6"]
[EventCountry "GER"]
[SourceTitle "Corr 2022"]
[Source "ChessBase"]
[SourceDate "2021.10.24"]
[SourceVersion "1"]
[SourceVersionDate "2021.10.24"]
[SourceQuality "1"]

1. e4 e6 2. Nf3 d5 3. e5 c5 4. d4 Nc6 5. c3 Qb6 6. b3 cxd4 7. cxd4 Nge7 8. Be2 Nf5 9. Bb2 Bb4+ 10. Nfd2 Nfxd4 11. a3 Bxd2+ 12. Nxd2 Nxe5 13. b4 0-0 14. Nb3 Nxb3 15. Qxb3 Qd6 16. 0-0 b6 17. Rfe1 Ng6 18. Qc3 e5 19. f3 Bb7 20. Bd3 Nf4 21. Bc2 d4 22. Qd2 Rac8 23. Qf2 Nd5 24. Qh4 Rxc2 25. Bc1 Qg6 26. Rxe5 Qxg2# 0-1

[Event "RN-2019-0-01523"]
[Site "LSS email"]
[Date "2019.04.03"]
[Round "?"]
[White "Neuhausen, Rainer"]
[Black "Bortnicker, Justin"]
[Result "1-0"]
[WhiteElo "928"]
[BlackElo "868"]
[PlyCount "73"]
[EventDate "2019.03.22"]
[EventType "tourn (corr)"]
[EventRounds "6"]
[EventCountry "GER"]
[SourceTitle "Corr 2022"]
[Source "ChessBase"]
[SourceDate "2021.10.24"]
[SourceVersion "1"]
[SourceVersionDate "2021.10.24"]
[SourceQuality "1"]

1. e4 c5 2. Nf3 e6 3. d4 cxd4 4. Nxd4 Nc6 5. Nc3 Nf6 6. Be2 Bc5 7. Be3 Bb4 8. 0-0 Bxc3 9. bxc3 Nxe4 10. Bd2 0-0 11. Bd3 Nxd2 12. Qxd2 d5 13. Qe2 Qh4 14. Nxc6 bxc6 15. Qe5 Bb7 16. Rab1 Qe7 17. Qh5 h6 18. Rfe1 Qg5 19. Qxg5 hxg5 20. Rxb7 c5 21. Ba6 Rfb8 22. Reb1 Rd8 23. Rc7 c4 24. Rbb7 Rd6 25. Rxf7 Rxa6 26. Rxg7+ Kf8 27. Rh7 Kg8 28. Rbg7+ Kf8 29. Rxg5 Re8 30. Rh8+ Ke7 31. Rxe8+ Kxe8 32. h4 Rxa2 33. h5 Ra1+ 34. Kh2 Re1 35. h6 Re4 36. Kg3 Re1 37. Rh5 1-0

[Event "RN-2019-0-01523"]
[Site "LSS email"]
[Date "2019.04.01"]
[Round "?"]
[White "Bortnicker, Justin"]
[Black "Bester, Kazimierz"]
[Result "1-0"]
[WhiteElo "868"]
[BlackElo "762"]
[PlyCount "87"]
[EventDate "2019.03.22"]
[EventType "tourn (corr)"]
[EventRounds "6"]
[EventCountry "GER"]
[SourceTitle "Corr 2022"]
[Source "ChessBase"]
[SourceDate "2021.10.24"]
[SourceVersion "1"]
[SourceVersionDate "2021.10.24"]
[SourceQuality "1"]

1. d4 d5 2. c4 Nf6 3. Nc3 c6 4. Bf4 Na6 5. e3 g6 6. Nf3 Bg7 7. cxd5 Nxd5 8. Nxd5 Qxd5 9. Bxa6 bxa6 10. 0-0 0-0 11. Be5 f6 12. Bg3 Bg4 13. Qb3 e6 14. Qxd5 cxd5 15. Nd2 Rae8 16. Rac1 e5 17. h3 Bd7 18. Rc7 Bb5 19. Rfc1 exd4 20. exd4 Rf7 21. Rxf7 Kxf7 22. Rc7+ Re7 23. Rxe7+ Kxe7 24. Bb8 Bh6 25. Nf3 Bc1 26. b3 g5 27. Bxa7 h5 28. Bc5+ Ke6 29. a4 Bd3 30. a5 Bc2 31. b4 Bf4 32. b5 axb5 33. a6 g4 34. hxg4 hxg4 35. Ne1 Be4 36. a7 g3 37. f3 Be3+ 38. Kh1 Bf5 39. a8Q Bd2 40. Qc6+ Kf7 41. Qxd5+ Kg6 42. Qg8+ Kh5 43. Bf8 Bxe1 44. Qh8+ 1-0

[Event "RN-2019-0-01518"]
[Site "LSS email"]
[Date "2019.03.18"]
[Round "?"]
[White "Neuhausen, Rainer"]
[Black "Bortnicker, Justin"]
[Result "1-0"]
[WhiteElo "919"]
[BlackElo "877"]
[PlyCount "83"]
[EventDate "2019.03.02"]
[EventType "tourn (corr)"]
[EventRounds "6"]
[EventCountry "GER"]
[SourceTitle "Corr 2022"]
[Source "ChessBase"]
[SourceDate "2021.10.24"]
[SourceVersion "1"]
[SourceVersionDate "2021.10.24"]
[SourceQuality "1"]

1. e4 c5 2. Nf3 e6 3. d4 cxd4 4. Nxd4 Nc6 5. Nc3 Bc5 6. Be3 Bb6 7. Be2 Nge7 8. 0-0 0-0 9. Nxc6 bxc6 10. Bd2 Bb7 11. Na4 d5 12. Nxb6 Qxb6 13. exd5 cxd5 14. Be3 Qc7 15. Bd3 Rab8 16. Qh5 g6 17. Qh6 Nf5 18. Bxf5 exf5 19. Bf4 Qxc2 20. Bxb8 Rxb8 21. Qc1 Qa4 22. Qc7 Qe8 23. Rfe1 Qd8 24. Re7 Qxc7 25. Rxc7 a6 26. Rd1 Kf8 27. h3 Kg7 28. b3 Ba8 29. Kf1 Kf6 30. Re1 d4 31. Rd7 d3 32. Rxd3 Be4 33. Rd6+ Kg7 34. f3 Bc2 35. Kf2 f4 36. Rxa6 Rd8 37. Ra7 h5 38. Ree7 Rf8 39. b4 Kf6 40. b5 Rb8 41. Rxf7+ Kg5 42. h4+ 1-0

[Event "RN-2019-0-01514"]
[Site "LSS email"]
[Date "2019.03.03"]
[Round "?"]
[White "Bortnicker, Justin"]
[Black "Cherry, Brian"]
[Result "1-0"]
[WhiteElo "902"]
[BlackElo "339"]
[PlyCount "89"]
[EventDate "2019.02.18"]
[EventType "tourn (corr)"]
[EventRounds "6"]
[EventCountry "GER"]
[SourceTitle "Corr 2022"]
[Source "ChessBase"]
[SourceDate "2021.10.24"]
[SourceVersion "1"]
[SourceVersionDate "2021.10.24"]
[SourceQuality "1"]

1. e4 e5 2. Nf3 Nc6 3. d4 f6 4. Bb5 d5 5. Nc3 Bg4 6. exd5 a6 7. Bxc6+ bxc6 8. dxe5 cxd5 9. exf6 Nxf6 10. h3 Bf5 11. Bg5 Be7 12. 0-0 0-0 13. Nd4 Qd7 14. Re1 Rae8 15. Bh4 c5 16. Nxf5 Qxf5 17. Bxf6 Qxf6 18. Nxd5 Qxf2+ 19. Kh1 Bg5 20. Nc7 Rxe1+ 21. Qxe1 Qf6 22. Qe6+ Kh8 23. Qxf6 Rxf6 24. c4 h6 25. b3 Rd6 26. Re1 Bf4 27. Nd5 Bg3 28. Re3 Bf2 29. Re8+ Kh7 30. g4 a5 31. Kg2 Bd4 32. Kf3 Rd7 33. Ra8 g5 34. Rxa5 Rf7+ 35. Kg3 h5 36. gxh5 Kh6 37. Kg4 Rf1 38. Ra6+ Kh7 39. Kxg5 Rf3 40. Kg4 Rf1 41. Ra7+ Kg8 42. h6 Rg1+ 43. Kh5 Rh1 44. h4 Bf2 45. Nf6+ 1-0

[Event "RN-2019-0-01514"]
[Site "LSS email"]
[Date "2019.03.03"]
[Round "?"]
[White "Pocol, Horacio"]
[Black "Bortnicker, Justin"]
[Result "1-0"]
[WhiteElo "827"]
[BlackElo "902"]
[PlyCount "57"]
[EventDate "2019.02.18"]
[EventType "tourn (corr)"]
[EventRounds "6"]
[EventCountry "GER"]
[SourceTitle "Corr 2022"]
[Source "ChessBase"]
[SourceDate "2021.10.24"]
[SourceVersion "1"]
[SourceVersionDate "2021.10.24"]
[SourceQuality "1"]

1. Nc3 d5 2. d4 c5 3. e3 Nc6 4. Bb5 Bf5 5. dxc5 a6 6. Bxc6+ bxc6 7. Nge2 Nf6 8. h3 e6 9. b4 Be7 10. 0-0 Rb8 11. Ba3 0-0 12. Nd4 Qc7 13. f4 Ne4 14. Nxe4 Bxe4 15. c3 Bf6 16. Rf2 Bh4 17. Rd2 f5 18. Nxe6 Qf7 19. Nxf8 Kxf8 20. Qa4 Qg6 21. Qxa6 Re8 22. Qe2 h5 23. Bb2 Bg3 24. a4 Ra8 25. a5 h4 26. a6 Ra7 27. b5 cxb5 28. Qxb5 Qe8 29. Qb6 1-0

[Event "RN-2019-0-01514"]
[Site "LSS email"]
[Date "2019.03.02"]
[Round "?"]
[White "Brough, Carl"]
[Black "Bortnicker, Justin"]
[Result "1-0"]
[WhiteElo "741"]
[BlackElo "902"]
[PlyCount "55"]
[EventDate "2019.02.18"]
[EventType "tourn (corr)"]
[EventRounds "6"]
[EventCountry "GER"]
[SourceTitle "Corr 2022"]
[Source "ChessBase"]
[SourceDate "2021.10.24"]
[SourceVersion "1"]
[SourceVersionDate "2021.10.24"]
[SourceQuality "1"]

1. d4 Nf6 2. c4 e6 3. a3 d5 4. c5 a5 5. Bg5 Be7 6. Nc3 Nc6 7. Nf3 0-0 8. e3 Re8 9. Bd3 b6 10. cxb6 cxb6 11. 0-0 Ba6 12. Bxa6 Rxa6 13. Nb5 h6 14. Bh4 Ne4 15. Bxe7 Qxe7 16. h3 a4 17. Qc2 Qd7 18. Qe2 Raa8 19. Rac1 Na5 20. Rc7 Qd8 21. Ne5 Re7 22. Nc6 Nxc6 23. Rxc6 Rc8 24. Rfc1 Rxc6 25. Rxc6 Qa8 26. Rc1 Qa5 27. Qd3 Nd2 28. Rc8+ 1-0

[Event "RN-2019-0-01514"]
[Site "LSS email"]
[Date "2019.03.02"]
[Round "?"]
[White "Evtyugin, Yury Alekseevich"]
[Black "Bortnicker, Justin"]
[Result "0-1"]
[WhiteElo "937"]
[BlackElo "902"]
[PlyCount "118"]
[EventDate "2019.02.18"]
[EventType "tourn (corr)"]
[EventRounds "6"]
[EventCountry "GER"]
[SourceTitle "Corr 2022"]
[Source "ChessBase"]
[SourceDate "2021.10.24"]
[SourceVersion "1"]
[SourceVersionDate "2021.10.24"]
[SourceQuality "1"]

1. Nf3 d5 2. d4 c5 3. e3 Bg4 4. Be2 Nc6 5. 0-0 Nf6 6. dxc5 e6 7. Nd4 Bxe2 8. Qxe2 Bxc5 9. Nb3 Bb6 10. Nc3 0-0 11. Bd2 Qc7 12. Na4 a6 13. Nxb6 Qxb6 14. a3 Ne4 15. Bc1 Ne5 16. Nd2 Nf6 17. b4 Rac8 18. Nb3 Nfd7 19. Bb2 Nc4 20. Bd4 Qd8 21. Nc5 Nxc5 22. Bxc5 Re8 23. Rfd1 Qf6 24. e4 b6 25. e5 Qxe5 26. Qxe5 Nxe5 27. Bd4 Nd7 28. Rac1 b5 29. f4 Rc6 30. Kf2 Rec8 31. Rd2 Nb6 32. Bxb6 Rxb6 33. c3 Rc4 34. g3 Rd6 35. Rd4 Rdc6 36. Rxc4 Rxc4 37. Ke3 f5 38. Kd3 h5 39. h3 Kf7 40. Re1 Kf6 41. Re2 g5 42. fxg5+ Kxg5 43. Rxe6 h4 44. gxh4+ Kxh4 45. Rh6+ Kg3 46. Rxa6 f4 47. Rg6+ Kxh3 48. Rh6+ Kg3 49. Rg6+ Kf3 50. Rg5 Kf2 51. Rxd5 f3 52. Rf5 Kg3 53. a4 Rf4 54. Rg5+ Rg4 55. Rxb5 f2 56. Ke2 Re4+ 57. Kd3 Rf4 58. Rg5+ Kf3 59. a5 f1Q+ 0-1

[Event "RN-2019-0-01513"]
[Site "LSS email"]
[Date "2019.02.28"]
[Round "?"]
[White "Powers Jr, Kevincito"]
[Black "Bortnicker, Justin"]
[Result "1-0"]
[WhiteElo "800"]
[BlackElo "880"]
[PlyCount "49"]
[EventDate "2019.02.15"]
[EventType "tourn (corr)"]
[EventRounds "6"]
[EventCountry "GER"]
[SourceTitle "Corr 2022"]
[Source "ChessBase"]
[SourceDate "2021.10.24"]
[SourceVersion "1"]
[SourceVersionDate "2021.10.24"]
[SourceQuality "1"]

1. e4 c5 2. Nc3 e6 3. f4 Nc6 4. Nf3 Be7 5. d4 cxd4 6. Nxd4 Bh4+ 7. g3 Be7 8. Be3 Qa5 9. Nb3 Qc7 10. Nb5 Qd8 11. Nd6+ Bxd6 12. Qxd6 Qe7 13. Qd2 Nf6 14. Bg2 Ng4 15. Bc5 d6 16. Bxd6 Qd7 17. 0-0-0 e5 18. h3 Nf6 19. fxe5 Ng8 20. Qg5 f6 21. exf6 Nxf6 22. e5 Ng8 23. Bf8 Qc7 24. Bxg7 h6 25. Qg6+ 1-0

[Event "RN-2019-0-01513"]
[Site "LSS email"]
[Date "2019.02.26"]
[Round "?"]
[White "Bortnicker, Justin"]
[Black "Bester, Kazimierz"]
[Result "0-1"]
[WhiteElo "880"]
[BlackElo "760"]
[PlyCount "48"]
[EventDate "2019.02.15"]
[EventType "tourn (corr)"]
[EventRounds "6"]
[EventCountry "GER"]
[SourceTitle "Corr 2022"]
[Source "ChessBase"]
[SourceDate "2021.10.24"]
[SourceVersion "1"]
[SourceVersionDate "2021.10.24"]
[SourceQuality "1"]

1. d4 d5 2. c4 Nf6 3. Nc3 e6 4. Bg5 Be7 5. Nf3 Ne4 6. Bxe7 Qxe7 7. e3 0-0 8. cxd5 Nxc3 9. bxc3 exd5 10. Bd3 Bg4 11. h3 Bd7 12. 0-0 f6 13. Qb1 b6 14. Bxh7+ Kh8 15. Nh4 Be8 16. Bg6 Nd7 17. Bxe8 Qxe8 18. Ng6+ Kg8 19. Nxf8 Nxf8 20. Qf5 Rd8 21. Rfe1 c6 22. h4 Qe7 23. f3 g6 24. Kf2 gxf5 0-1

[Event "RF-2019-0-00465"]
[Site "LSS email"]
[Date "2019.02.20"]
[Round "?"]
[White "Bortnicker, Justin"]
[Black "Raines, David T"]
[Result "0-1"]
[WhiteElo "849"]
[BlackElo "1160"]
[PlyCount "48"]
[EventDate "2019.01.20"]
[EventType "tourn (corr)"]
[EventRounds "6"]
[EventCountry "GER"]
[SourceTitle "Corr 2022"]
[Source "ChessBase"]
[SourceDate "2021.10.24"]
[SourceVersion "1"]
[SourceVersionDate "2021.10.24"]
[SourceQuality "1"]

1. d4 d5 2. Nf3 Nf6 3. c4 e6 4. Nc3 Nbd7 5. Bg5 h6 6. Bh4 Be7 7. e3 0-0 8. cxd5 exd5 9. Bd3 b6 10. 0-0 Bb7 11. Bg3 a6 12. Rc1 c5 13. b3 b5 14. a4 c4 15. bxc4 dxc4 16. Bc2 b4 17. Nb1 a5 18. Bf5 c3 19. Nxc3 bxc3 20. Rxc3 Nd5 21. Rb3 Bb4 22. Ne1 Nc3 23. Qg4 Nf6 24. Qf4 Ne2+ 0-1

[Event "RN-2019-0-01509"]
[Site "LSS email"]
[Date "2019.02.16"]
[Round "?"]
[White "Hickl, Norbert"]
[Black "Bortnicker, Justin"]
[Result "1-0"]
[WhiteElo "983"]
[BlackElo "874"]
[PlyCount "59"]
[EventDate "2019.01.30"]
[EventType "tourn (corr)"]
[EventRounds "6"]
[EventCountry "GER"]
[SourceTitle "Corr 2022"]
[Source "ChessBase"]
[SourceDate "2021.10.24"]
[SourceVersion "1"]
[SourceVersionDate "2021.10.24"]
[SourceQuality "1"]

1. c4 Nf6 2. g3 c6 3. Bg2 d5 4. b3 e5 5. Bb2 Bd6 6. Nf3 Nbd7 7. 0-0 0-0 8. d4 e4 9. Nfd2 Re8 10. c5 Bc7 11. Nc3 a5 12. a3 b6 13. b4 bxc5 14. bxc5 Ba6 15. Re1 Rb8 16. Rb1 Rb7 17. Qa4 Nb8 18. Nf1 Qd7 19. Ne3 h6 20. Ba1 Bd8 21. Rxb7 Qxb7 22. Bh3 g5 23. Nf5 Qc7 24. Nxh6+ Kh7 25. Ng4 Nxg4 26. Bxg4 Bf6 27. Nxd5 Qd8 28. Nxf6+ Qxf6 29. d5 Bb5 30. Qxa5 1-0

[Event "RN-2019-0-01509"]
[Site "LSS email"]
[Date "2019.02.15"]
[Round "?"]
[White "Bester, Kazimierz"]
[Black "Bortnicker, Justin"]
[Result "0-1"]
[WhiteElo "757"]
[BlackElo "874"]
[PlyCount "74"]
[EventDate "2019.01.30"]
[EventType "tourn (corr)"]
[EventRounds "6"]
[EventCountry "GER"]
[SourceTitle "Corr 2022"]
[Source "ChessBase"]
[SourceDate "2021.10.24"]
[SourceVersion "1"]
[SourceVersionDate "2021.10.24"]
[SourceQuality "1"]

1. d4 Nf6 2. Nf3 e6 3. e3 c5 4. c3 Be7 5. Be2 cxd4 6. exd4 0-0 7. 0-0 h6 8. Nbd2 b6 9. Ne5 d6 10. Nef3 Bb7 11. Bd3 Nd5 12. a3 f5 13. Bb1 Nf6 14. Nh4 Kh7 15. Qe2 Qd7 16. f3 g5 17. Nxf5 exf5 18. Rf2 Nc6 19. Nf1 Nh5 20. g4 Ng7 21. Ng3 Kh8 22. gxf5 Nxf5 23. Nxf5 Rxf5 24. Bxf5 Qxf5 25. b4 Qf6 26. Bb2 d5 27. Raf1 Rg8 28. c4 Qf7 29. b5 Na5 30. f4 gxf4+ 31. Rg2 Rxg2+ 32. Qxg2 Nxc4 33. Bc1 Bg5 34. Qh3 Qg7 35. Qd3 Bf6+ 36. Kh1 Bxd4 37. Rxf4 Bc5 0-1

[Event "RN-2019-0-01506"]
[Site "LSS email"]
[Date "2019.02.05"]
[Round "?"]
[White "Bortnicker, Justin"]
[Black "Venturas, Bob"]
[Result "1-0"]
[WhiteElo "869"]
[BlackElo "607"]
[PlyCount "85"]
[EventDate "2019.01.15"]
[EventType "tourn (corr)"]
[EventRounds "6"]
[EventCountry "GER"]
[SourceTitle "Corr 2022"]
[Source "ChessBase"]
[SourceDate "2021.10.24"]
[SourceVersion "1"]
[SourceVersionDate "2021.10.24"]
[SourceQuality "1"]

1. e4 e5 2. Nf3 Nc6 3. Bc4 h6 4. d4 exd4 5. Nxd4 Bc5 6. Bxf7+ Kxf7 7. Qh5+ g6 8. Qxc5 d6 9. Qc4+ Kf8 10. Nxc6 bxc6 11. Qxc6 Bd7 12. Qc3 Qf6 13. Qxc7 Bb5 14. Nc3 Qe5 15. Nxb5 Qxb5 16. Qxd6+ Ne7 17. Qd4 Kf7 18. c4 Qc6 19. 0-0 Rhd8 20. Qc3 Qxe4 21. Bxh6 Nf5 22. Be3 Rd3 23. Qa5 Nh4 24. Qc7+ Kg8 25. Qg3 Rf8 26. Rad1 Nf5 27. Qxg6+ Kh8 28. Rxd3 Qxd3 29. g4 Rg8 30. Qh5+ Kg7 31. gxf5 Kf8+ 32. Bg5 Qxf5 33. h4 a5 34. Re1 Qd7 35. Qh6+ Rg7 36. c5 Qg4+ 37. Kf1 Qc4+ 38. Re2 Kg8 39. Qe6+ Qxe6 40. Rxe6 Rc7 41. c6 Kf7 42. Rd6 a4 43. Rd7+ 1-0